| 000 | 02944cgm a2200433 a 4500 | ||
|---|---|---|---|
| 001 | vtls003228540 | ||
| 003 | MY-SjTCS | ||
| 005 | 20200226115126.0 | ||
| 007 | vd cvairu | ||
| 008 | 111223s1995 at 030 |00 vleng d | ||
| 039 | 9 |
_a201203211447 _bshuhada _c201203211341 _dshuhada _c201203211206 _dshuhada _c201203201841 _dshuhada _y201112231055 _zmalathy |
|
| 043 | _ae-fr--- | ||
| 082 | 0 | 4 |
_a793.309 _bEAR 1995 |
| 245 | 0 | 0 |
_aEarly dance. _nPart 2, _pThe Baroque era _h[videorecording] / _cdirected by Harold Bergsohn ; written and produced by sa Partsch-Bergsohn. |
| 246 | 3 | _aBaroque era | |
| 260 |
_aSouth Fremantle, Western Australia : _bContemporary Arts Media, _cc1995. |
||
| 300 |
_a1 videodisc (30 min.) : _bsd., col. ; _c4 3/4 in. |
||
| 500 | _a"Contemporary arts media educating imagination"--Container. | ||
| 500 | _aOriginally published by: Dance Horizons Video. | ||
| 505 | 0 | _aDance excerpts: Harlequin / choreography and performance, Charles Perrier -- Demonstration of basic body positions / by Kevin Schroder -- Folie d'espagne dance variations [excerpts] / music, Martin Marais ; danced by Paige Whitley-Bauguess and Thomas Baird -- Passacaille for a man and a woman from Jean Baptiste Lully's opera Persée, arranged as a solo and performed as a theatrical dance in a mask / choreography, Louis Pécour ; danced by Paige Whitley-Bauguess. | |
| 511 | 0 | _aNarrators, Pierre Herbineaux ... [et al.]. | |
| 520 | _aLecture on the history of dance, illustrated with contemporary paintings and prints. Topics include the influence of the Italian commedia dell'arte on entertainments during the reign of Louis XIII of France; the development of dance into a theatrical art form, as evinced by La délivrance de Renaud; the court ballet under Louis XIV, beginning with the Ballet de la nuit; the contributions of Jean Baptiste Lully; horse ballets; ballets at Versailles, particularly Les plaisirs de l'isle enchantée; Le bourgeois gentilhomme as an example of the comédie-ballets of Lully and Molière; the establishment of the Academy of the Dance (later the Paris Opéra) under the leadership of Pierre Beauchamps; the stage designs of Jean Bérain; the opera ballet Le triomphe de l'amour and the rise of the professional dancer; social dancing. | ||
| 538 | _aDVD, PAL. | ||
| 650 | 0 |
_aBallet _xHistory _y17th century. |
|
| 650 | 0 |
_aBallet _xHistory _y18th century. |
|
| 650 | 0 |
_aDance _zFrance _y17th century. |
|
| 650 | 0 |
_aCommedia dell'arte. _931286 |
|
| 650 | 0 |
_aDance _xHistory. _940352 |
|
| 700 | 1 |
_aPerrier, Charles. _959746 |
|
| 700 | 1 |
_aSchroder, Kevin. _959747 |
|
| 700 | 1 |
_aWhitley-Bauguess, Paige. _959748 |
|
| 700 | 1 |
_aBaird, Thomas. _959749 |
|
| 700 | 1 |
_aPartsch-Bergsohn, Isa. _959750 |
|
| 700 | 1 |
_aBergsohn, Harold. _959743 |
|
| 700 | 1 |
_aHerbineaux, Pierre. _959751 |
|
| 710 | 2 |
_aDance Horizons Video (Firm) _959745 |
|
| 710 | 2 |
_aContemporary Arts Media (Firm) _937361 |
|
| 920 | _aGENLS : 178284 | ||
| 999 | _c143584 | ||